सुर के सितारे; (Record no. 205211)

MARC details
000 -LEADER
fixed length control field 01143nam a22002057a 4500
005 - DATE AND TIME OF LATEST TRANSACTION
control field 20240822153032.0
010 ## - LCCN (DPL NO)
LC control number HIN-128293
020 ## - INTERNATIONAL STANDARD BOOK NUMBER
Terms of availability 250.00
International Standard Book Number 9780143441533
035 ## - SYSTEM CONTROL NUMBER
System control number HN-100639
037 ## - SOURCE OF ACQUISITION
Source of stock number/acquisition DBAD
082 ## - DEWEY DECIMAL CLASSIFICATION NUMBER
Classification number 780.8
100 ## - MAIN ENTRY--PERSONAL NAME
Personal name खान अली अमजद
245 ## - TITLE STATEMENT
Title सुर के सितारे;
Remainder of title भारतीय शास्त्रीय संगीत के दिग्गजों पर खां साहब के संस्मरण/
Statement of responsibility, etc लेखक अमजद अली खान और नीलम भट्ट द्वारा अनुवादित
260 ## - PUBLICATION, DISTRIBUTION, ETC. (IMPRINT)
Place of publication, distribution, etc हरियाणा
Name of publisher, distributor, etc पेंगुइन रैंडम हाउस इंडिया प्रा. लि.
Date of publication, distribution, etc 2017
270 ## - ADDRESS
Address एन- 3/25, मोहन गार्डन, उत्तम नगर
City हरियाणा
Postal code 122002
300 ## - PHYSICAL DESCRIPTION
Extent 116पृ.
Dimensions 21 सेमी. (अजिल्द)
650 ## - SUBJECT ADDED ENTRY--TOPICAL TERM
Topical term or geographic name as entry element हिन्दी
700 ## - ADDED ENTRY--PERSONAL NAME
Personal name नीलम भट्ट द्वारा अनुवादित
9 (RLIN) 70438
942 ## - ADDED ENTRY ELEMENTS (KOHA)
Source of classification or shelving scheme Dewey Decimal Classification
Item type Hindi Books
Classification part 780.8
Call number suffix खानअ
Holdings
Withdrawn status Lost status Not for loan Collection code Home library Current library Date acquired Source of acquisition Cost, normal purchase price Full call number Barcode Copy number Cost, replacement price Koha item type
      Non-fiction Patel Nagar Patel Nagar 22/08/2024 DBAD 250.00 780.8 खानअ HN-100639 1 250.00 Hindi Books

© Delhi Public Library
Hit Counter
free hit counter